Ballon d'or ou Ligue des champions? - Statistiques

Statistiques générales
  • Ce quiz a été pris 177 fois
    163 depuis la dernière actualisation
  • Le résultat moyen est 32 sur 50
Statistiques - réponses
Question Réponse % Correct
Zinedine Zidane Tous les deux trophées
99%
Kakà Tous les deux trophées
87%
Cristiano Ronaldo Tous les deux trophées
86%
Neymar Ligue des champions de l'UEFA
85%
Dani Alves Ligue des champions de l'UEFA
85%
Andrés Iniesta Ligue des champions de l'UEFA
84%
Karim Benzema Tous les deux trophées
84%
Xavi Ligue des champions de l'UEFA
83%
Franck Ribéry Ligue des champions de l'UEFA
83%
Manuel Neuer Ligue des champions de l'UEFA
83%
Luka Modrić Tous les deux trophées
83%
Lionel Messi Tous les deux trophées
83%
Samuel Eto'o Ligue des champions de l'UEFA
82%
Johan Cruyff Tous les deux trophées
82%
Steven Gerrard Ligue des champions de l'UEFA
81%
Andrea Pirlo Ligue des champions de l'UEFA
81%
Robert Lewandowski Ligue des champions de l'UEFA
81%
Thierry Henry Ligue des champions de l'UEFA
79%
Clarence Seedorf Ligue des champions de l'UEFA
79%
Javier Zanetti Ligue des champions de l'UEFA
79%
David Beckham Ligue des champions de l'UEFA
79%
Oliver Kahn Ligue des champions de l'UEFA
79%
Ronaldinho Tous les deux trophées
79%
Ryan Giggs Ligue des champions de l'UEFA
78%
Paolo Maldini Ligue des champions de l'UEFA
72%
Raul Ligue des champions de l'UEFA
70%
Alfredo Di Stefano Tous les deux trophées
69%
Marco van Basten Tous les deux trophées
69%
Franz Beckenbauer Tous les deux trophées
68%
George Weah Ballon d'or
66%
Franco Baresi Ligue des champions de l'UEFA
66%
Andriy Chevtchenko Tous les deux trophées
64%
Luis Figo Tous les deux trophées
63%
Lev Yachine Ballon d'or
61%
Michael Owen Ballon d'or
60%
Michael Platini Tous les deux trophées
54%
Hristo Stoitchkov Tous les deux trophées
48%
Rivaldo Tous les deux trophées
47%
Ronaldo Ballon d'or
42%
Fabio Cannavaro Ballon d'or
36%
Karl-Heinz Rummenigge Tous les deux trophées
35%
Stanley Matthews Ballon d'or
34%
Roberto Baggio Ballon d'or
32%
Ferenc Puskás Ligue des champions de l'UEFA
30%
Pavel Nedvěd Tous les deux trophées
30%
Josef Masopust Ballon d'or
27%
Flórián Albert Ballon d'or
22%
Lothar Matthäus Ballon d'or
22%
Omar Sivori Ballon d'or
19%
Paolo Rossi Tous les deux trophées
14%
Aucun quiz correspondant
Distribution des résultats
% des personnes avec chaque résultat
Percentile par nombre de réponses
Votre historique - résultats
Vous n’avez pas pris ce quiz depuis la dernière actualisation